Geometry Dash - Extreme Demons Starting with A (Pre-2.2) - Statistics

General Stats
  • This quiz has been taken 406 times
    71 since last reset
  • The average score is 23 of 81
Answer Stats
Publisher Answer % Correct
ryamu Acheron
87%
PockeWindfish Avernus
87%
ViPriN Artificial Ascent
81%
neigefeu Acu
77%
Exen Abyss of Darkness
58%
IIExenityII aftermath
55%
maxfs arcturus
55%
SoulsTWRKNation AcropoliX
48%
Metalface221 Arctic Lights
48%
IIExenityII Athanatos
45%
royen Azurite
45%
Sillow Azurite
45%
nikroplays Allegiance
42%
OddMod Ashley Wave Trials
42%
Knobbelboy Astral Divinity
42%
Prism Altered Ascent
39%
LIEB ATOMIC CANNON
39%
LIEB ATOMIC CANNON Mk II
39%
TheKris Aurora
35%
EndLevel Aerial Gleam
32%
TeamN2 Artificial Ideology
32%
LazerBlitz Auditory Breaker
32%
Ka1sa Aura
32%
Golden A2Marbl
29%
Metalface221 Abandoned Planet
29%
Zeptoz aether
29%
EndLevel Aquatic Auroras
29%
Eclipsed Arctic Arena
29%
f3lixsram Artifice
29%
Marwec Atmos
29%
sink Awedsy
29%
DienID ABEL
26%
SyQual Aesthetic
26%
Aimbotter Aimbotter Force
26%
Asuith Alcatraz
26%
Zylenox Annihilation Nation
26%
Lemons Anoxysm
26%
Anya21 Anya III
26%
GoodSmile Audio Expulsion
26%
GoodSmile Audio Extraction
26%
VotcHi Akashic Records
23%
MrSpaghetti Ancestral Calamity
23%
Exen Aronia
23%
iIiViRuZiIi Artificial Dream
23%
Pennutoh ATMarbl
23%
iIiViRuZiIi Auroral Darkness
23%
Juhou Awakening Horus
23%
mbed The {Art of the Blade}
23%
Renedi Acrozis
19%
Elevens Air Tech
19%
Manix648 Armageddon
19%
VoidSquad Atmosphere
19%
BIANOX The {Antimatter}
19%
wapon77 Adrenaline
16%
AngryBoy0644 Advanced AirStream
16%
Unbipentium Agen Wida
16%
Eridani AKIRA
16%
XLSpiral Amalgam
16%
maxis044 ameliorate
16%
MadisonYuko Anahita
16%
Cersia Another Phase
16%
awesomeme360 any percent
16%
StarkyTheSalad APEX
16%
Vexiion Asmodeus
16%
Exen Asterios
16%
ItsXZ Aureole
16%
GDSkele Aurorae
16%
cordeaux AUX cord
16%
Dorami Azure Fiesta
16%
Imjum Aksion
13%
Metalface221 Ancient Travel
13%
nasgubb Apollo 11
13%
Annon Apparition
13%
Jakalope Astrophobia
13%
Filqh Avalanche
13%
Swib ADOMANIA
10%
Ultimxte Advent Aurora
10%
Rynoxiouss Artificial Climb
10%
xHeiDax ASHES
10%
Failure444 Alpha Baa X
6%
L4TeZk All In
3%
No matching quizzes found
Score Distribution
Percent of People with Each Score
Percentile by Number Answered
Your Score History
You have not taken this quiz since the last reset